[Event "8. Open Bali Nuevas Generaciones s16"]
[Site "Benidorm ESP"]
[Date "2009.12.06"]
[Round "4.9"]
[White "Escudero Manzano, Alejandro"]
[Black "Martinez Gonzalez, Francisco"]
[Result "1-0"]
[WhiteElo "1932"]
[BlackElo "1776"]
[PlyCount "37"]
[EventDate "2009.12.04"]
[EventType "swiss"]
[EventRounds "7"]
[EventCountry "ESP"]
[Source "lmi"]
[SourceDate "2009.12.04"]

1. e4 d5 2. exd5 Qxd5 3. Nc3 Qd8 4. d4 c6 5. Bc4 Bf5 6. Nge2 e6 7. Bf4 Nf6 8.
Qd2 Nbd7 9. f3 Nb6 10. Bb3 Be7 11. O-O-O Nfd5 12. Nxd5 Nxd5 13. g4 Bg6 14. h4
h5 15. gxh5 Rxh5 16. Bg5 Rc8 17. c3 Bxg5 18. hxg5 Rxh1 19. Rxh1 1-0

[Event "8. Open Bali Nuevas Generaciones s16"]
[Site "Benidorm ESP"]
[Date "2009.12.06"]
[Round "4.10"]
[White "Rodriguez Garcia, Carlos"]
[Black "Sacristan Latorre, Alberto"]
[Result "1/2-1/2"]
[WhiteElo "1752"]
[BlackElo "1924"]
[PlyCount "45"]
[EventDate "2009.12.04"]
[EventType "swiss"]
[EventRounds "7"]
[EventCountry "ESP"]
[Source "lmi"]
[SourceDate "2009.12.04"]

1. e4 c5 2. Nf3 d6 3. d4 cxd4 4. Nxd4 Nf6 5. Nc3 a6 6. Bc4 e6 7. Bb3 Be7 8. O-O
Bd7 9. Re1 Qc7 10. Bg5 Nc6 11. Nf3 b5 12. a3 O-O 13. Bh4 Rfd8 14. Qe2 Rac8 15.
Bg3 Nh5 16. Rad1 Nxg3 17. hxg3 Na5 18. Ba2 Nc4 19. Bxc4 Qxc4 20. e5 d5 21. Nd4
Rc7 22. Nb1 Rdc8 23. c3 1/2-1/2

[Event "8. Open Bali Nuevas Generaciones s16"]
[Site "Benidorm ESP"]
[Date "2009.12.07"]
[Round "5.1"]
[White "Vazquez Torres , Adrian"]
[Black "Anton Guijarro, David"]
[Result "1/2-1/2"]
[WhiteElo "2144"]
[BlackElo "2300"]
[PlyCount "23"]
[EventDate "2009.12.04"]
[EventType "swiss"]
[EventRounds "7"]
[EventCountry "ESP"]
[Source "lmi"]
[SourceDate "2009.12.04"]

1. e4 c5 2. Nf3 e6 3. d4 cxd4 4. Nxd4 a6 5. Nc3 Qc7 6. Be2 Nf6 7. O-O d6 8. f4
Nbd7 9. Bf3 Be7 10. Be3 Nb6 11. Qd3 e5 12. Nf5 1/2-1/2

[Event "8. Open Bali Nuevas Generaciones s16"]
[Site "Benidorm ESP"]
[Date "2009.12.07"]
[Round "5.2"]
[White "Bendayan Claros, Aaron"]
[Black "Gil Quilez, David"]
[Result "1/2-1/2"]
[WhiteElo "2176"]
[BlackElo "2097"]
[PlyCount "20"]
[EventDate "2009.12.04"]
[EventType "swiss"]
[EventRounds "7"]
[EventCountry "ESP"]
[Source "lmi"]
[SourceDate "2009.12.04"]

1. d4 f5 2. c4 Nf6 3. g3 g6 4. Bg2 Bg7 5. Nf3 O-O 6. O-O d6 7. Nc3 Na6 8. a3 c5
9. d5 Bd7 10. Rb1 Rb8 1/2-1/2

[Event "8. Open Bali Nuevas Generaciones s16"]
[Site "Benidorm ESP"]
[Date "2009.12.07"]
[Round "5.3"]
[White "Ladron de Guevara, Paolo"]
[Black "Escudero Manzano, Alejandro"]
[Result "1/2-1/2"]
[WhiteElo "2078"]
[BlackElo "1932"]
[PlyCount "92"]
[EventDate "2009.12.04"]
[EventType "swiss"]
[EventRounds "7"]
[EventCountry "ESP"]
[Source "lmi"]
[SourceDate "2009.12.04"]

1. e4 c5 2. Nf3 e6 3. d4 cxd4 4. Nxd4 a6 5. Bd3 Bc5 6. Nb3 Be7 7. O-O Qc7 8.
Nc3 b6 9. Qe2 Bb7 10. Bd2 d6 11. f4 Nd7 12. a4 Ngf6 13. Rae1 O-O 14. Rf3 g6 15.
Rh3 Rfe8 16. g4 Bf8 17. Rf1 Nc5 18. g5 Nfd7 19. Qg4 Bg7 20. Qh4 Nf8 21. Qe1 Qc6
22. Nxc5 bxc5 23. Qc1 d5 24. e5 c4 25. Be2 Qc5+ 26. Be3 d4 27. Bf2 Red8 28. Nb1
Qc7 29. Nd2 c3 30. Nc4 Qc6 31. Bf3 Qxc4 32. Bxb7 cxb2 33. Qxb2 Rab8 34. Rb3
Qxa4 35. Ra1 Qc4 36. Bxa6 Rxb3 37. Qxb3 Qc6 38. Bb7 Qc7 39. Be4 h6 40. h4 hxg5
41. hxg5 Bxe5 42. fxe5 Qxe5 43. Bg2 d3 44. Re1 dxc2 45. Qxc2 Qxg5 46. Be3 Qf5
1/2-1/2

[Event "8. Open Bali Nuevas Generaciones s16"]
[Site "Benidorm ESP"]
[Date "2009.12.07"]
[Round "5.4"]
[White "Suarez Garcia, Carlos"]
[Black "Rivas Perez, Jorge"]
[Result "1-0"]
[WhiteElo "2071"]
[BlackElo "1714"]
[PlyCount "59"]
[EventDate "2009.12.04"]
[EventType "swiss"]
[EventRounds "7"]
[EventCountry "ESP"]
[Source "lmi"]
[SourceDate "2009.12.04"]

1. d4 d5 2. Nf3 Bf5 3. c4 c6 4. Nc3 Nf6 5. Qb3 Qd7 6. cxd5 Nxd5 7. Ne5 Qc7 8.
e4 f6 9. Nxd5 cxd5 10. Qxd5 fxe5 11. exf5 exd4 12. Bc4 Nc6 13. Qf7+ Kd8 14. O-O
g6 15. fxg6 hxg6 16. Bf4 e5 17. Qf6+ Qe7 18. Qxh8 exf4 19. Rfe1 Qg7 20. Qh3 Kc7
21. a3 Bd6 22. Rac1 Rh8 23. Qf3 g5 24. Bb5 g4 25. Rxc6+ Kb8 26. Qd5 Bc7 27.
Rce6 Bb6 28. Re8+ Rxe8 29. Rxe8+ Kc7 30. Qd8# 1-0

[Event "8. Open Bali Nuevas Generaciones s16"]
[Site "Benidorm ESP"]
[Date "2009.12.07"]
[Round "5.6"]
[White "Martinez De Lejarza, Ignacio"]
[Black "Barangano Campa, David"]
[Result "0-1"]
[WhiteElo "1710"]
[BlackElo "2158"]
[PlyCount "58"]
[EventDate "2009.12.04"]
[EventType "swiss"]
[EventRounds "7"]
[EventCountry "ESP"]
[Source "lmi"]
[SourceDate "2009.12.04"]

1. d4 Nf6 2. Nf3 b5 3. Bf4 Bb7 4. e3 a6 5. Bd3 e6 6. Nbd2 c5 7. c3 Be7 8. Qe2
d5 9. O-O O-O 10. Ne5 Ne4 11. h3 f6 12. Nef3 Nd7 13. Rfe1 Re8 14. Bc2 Bf8 15.
Nxe4 dxe4 16. Nd2 f5 17. f3 exf3 18. Nxf3 Nf6 19. Bg5 Be7 20. Ne5 Ne4 21. Bf4
c4 22. Qh5 Rf8 23. g4 Qd5 24. gxf5 Nf6 25. Qg5 Qh1+ 26. Kf2 Ne4+ 27. Bxe4 Qxe4
28. Qg3 Bh4 29. Rg1 Bxg3+ 0-1

[Event "8. Open Bali Nuevas Generaciones s16"]
[Site "Benidorm ESP"]
[Date "2009.12.07"]
[Round "5.7"]
[White "Jordan Martinez, Miguel"]
[Black "Bas Mas, Miguel"]
[Result "1-0"]
[WhiteElo "2077"]
[BlackElo "1796"]
[PlyCount "97"]
[EventDate "2009.12.04"]
[EventType "swiss"]
[EventRounds "7"]
[EventCountry "ESP"]
[Source "lmi"]
[SourceDate "2009.12.04"]

1. e4 c5 2. f4 d6 3. Nf3 Nc6 4. Bc4 g6 5. O-O Bg7 6. Nc3 e6 7. d3 Nge7 8. Qe1
O-O 9. e5 d5 10. Bb3 b6 11. a4 a6 12. g4 Qc7 13. Ne2 Bb7 14. c3 Rad8 15. d4 c4
16. Bc2 f5 17. exf6 Bxf6 18. Ng3 Bc8 19. Bd2 Bg7 20. Qe2 Kh8 21. Rae1 Rf6 22.
Qg2 b5 23. axb5 axb5 24. Qh3 b4 25. Ne5 Nxe5 26. fxe5 Rxf1+ 27. Rxf1 b3 28. Bb1
Qd7 29. Bg5 Rf8 30. Bxe7 Qxe7 31. Bxg6 Rxf1+ 32. Nxf1 Bf8 33. Bb1 Bd7 34. Ng3
Be8 35. Nh5 Bxh5 36. Qxh5 Qg7 37. Kg2 Be7 38. h4 Kg8 39. Kg3 Bf8 40. Qe8 Qe7
41. Qh5 Qg7 42. g5 h6 43. Qg4 hxg5 44. Qxe6+ Kh8 45. h5 Qg8 46. Bf5 Qxe6 47.
Bxe6 g4 48. Bxd5 Bh6 49. e6 1-0

[Event "8. Open Bali Nuevas Generaciones s16"]
[Site "Benidorm ESP"]
[Date "2009.12.07"]
[Round "6.1"]
[White "Anton Guijarro, David"]
[Black "Bendayan Claros, Aaron"]
[Result "1/2-1/2"]
[WhiteElo "2300"]
[BlackElo "2176"]
[PlyCount "143"]
[EventDate "2009.12.04"]
[EventType "swiss"]
[EventRounds "7"]
[EventCountry "ESP"]
[Source "lmi"]
[SourceDate "2009.12.04"]

1. d4 d5 2. c4 e6 3. Nf3 Nf6 4. g3 Be7 5. Bg2 O-O 6. O-O dxc4 7. Qc2 a6 8. Qxc4
b5 9. Qc2 Bb7 10. Bd2 Be4 11. Qc1 Nbd7 12. Ba5 Rc8 13. Nbd2 Bb7 14. Rd1 Qe8 15.
b4 Bd6 16. e3 Nb8 17. a3 Bd5 18. Qc2 Qc6 19. Qd3 Qb7 20. Rac1 Ne4 21. Nxe4 Bxe4
22. Ng5 Bxd3 23. Bxb7 Bc4 24. Bxc8 Rxc8 25. Ne4 Nc6 26. Rc3 Nxa5 27. bxa5 f5
28. Nc5 Bxc5 29. dxc5 Bd5 30. c6 g5 31. Rc5 Rf8 32. Kf1 g4 33. Rcxd5 exd5 34.
Rxd5 Rf6 35. Rd8+ Kg7 36. Rd7+ Rf7 37. Ke2 Kf6 38. Rd8 Ke5 39. Ra8 Rf6 40. Rxa6
Kd5 41. Kd3 Rf8 42. Kc3 Kc5 43. Ra7 Kxc6 44. Kb4 Rb8 45. Ra6+ Kd5 46. Rh6 c5+
47. Kb3 Ra8 48. a6 Ra7 49. Rb6 Ra8 50. Rf6 Ke4 51. Rh6 Kd5 52. h3 gxh3 53. a4
bxa4+ 54. Kxa4 h2 55. Ka5 c4 56. Rxh2 c3 57. f3 Kc4 58. Rxh7 Rc8 59. a7 Kd3 60.
e4 c2 61. Rh1 c1=Q 62. Rxc1 Rxc1 63. exf5 Ra1+ 64. Kb6 Rb1+ 65. Kc6 Ra1 66. f6
Rxa7 67. Kd5 Ke3 68. g4 Kf4 69. Ke6 Ra6+ 70. Ke7 Ra7+ 71. Ke6 Ra6+ 72. Ke7
1/2-1/2

[Event "8. Open Bali Nuevas Generaciones s16"]
[Site "Benidorm ESP"]
[Date "2009.12.07"]
[Round "6.2"]
[White "Gil Quilez, David"]
[Black "Vazquez Torres, Adrian"]
[Result "1/2-1/2"]
[WhiteElo "2097"]
[BlackElo "2144"]
[PlyCount "80"]
[EventDate "2009.12.04"]
[EventType "swiss"]
[EventRounds "7"]
[EventCountry "ESP"]
[Source "lmi"]
[SourceDate "2009.12.04"]

1. e4 c5 2. Nf3 d6 3. d4 cxd4 4. Nxd4 Nf6 5. Nc3 a6 6. Be3 e5 7. Nb3 Be7 8. f3
Be6 9. Qd2 b5 10. g4 b4 11. Nd5 Bxd5 12. exd5 Nbd7 13. O-O-O Nb6 14. Qxb4 Nfxd5
15. Bxb6 Nxb4 16. Bxd8 Kxd8 17. Na5 Kc7 18. c3 Nc6 19. Nxc6 Kxc6 20. Bc4 Bg5+
21. Kc2 Ra7 22. h4 Bf4 23. Rd5 h5 24. Rhd1 e4 25. Rf5 Bg3 26. gxh5 exf3 27.
Rxf3 Bxh4 28. Bxf7 Bf6 29. Bg6 Re7 30. Kd3 Re5 31. Re3 Rxe3+ 32. Kxe3 Rb8 33.
b3 Bg5+ 34. Ke4 Rf8 35. a4 Rf4+ 36. Kd3 Rf3+ 37. Kc4 Rf4+ 38. Kd3 Rf3+ 39. Kc4
Rf4+ 40. Kd3 Rf3+ 1/2-1/2

[Event "8. Open Bali Nuevas Generaciones s16"]
[Site "Benidorm ESP"]
[Date "2009.12.07"]
[Round "6.3"]
[White "Marquez Ortiz De Zarate, Albert"]
[Black "Suarez Garcia, Carlos"]
[Result "1/2-1/2"]
[WhiteElo "2008"]
[BlackElo "2071"]
[PlyCount "44"]
[EventDate "2009.12.04"]
[EventType "swiss"]
[EventRounds "7"]
[EventCountry "ESP"]
[Source "lmi"]
[SourceDate "2009.12.04"]

1. e4 c5 2. Nf3 e6 3. d4 cxd4 4. Nxd4 a6 5. Nd2 Nc6 6. Nxc6 bxc6 7. Bd3 d6 8.
O-O e5 9. c4 Be6 10. Re1 Ne7 11. b3 Ng6 12. Nf3 Be7 13. Bf1 O-O 14. Bb2 c5 15.
g3 Qd7 16. Bg2 Bh3 17. Bh1 Rad8 18. Nd2 f5 19. exf5 Qxf5 20. Qf3 Qc2 21. Qc3
Qf5 22. Qf3 Qc2 1/2-1/2

[Event "8. Open Bali Nuevas Generaciones s16"]
[Site "Benidorm ESP"]
[Date "2009.12.07"]
[Round "6.4"]
[White "Baragano Campa, David"]
[Black "Diaz Rios, Ignacio Jose"]
[Result "1-0"]
[WhiteElo "2158"]
[BlackElo "1838"]
[PlyCount "79"]
[EventDate "2009.12.04"]
[EventType "swiss"]
[EventRounds "7"]
[EventCountry "ESP"]
[Source "lmi"]
[SourceDate "2009.12.04"]

1. e4 c5 2. Nf3 d6 3. d4 cxd4 4. Nxd4 Nf6 5. Nc3 a6 6. Be2 e5 7. Nb3 Be7 8. O-O
O-O 9. Be3 Be6 10. f4 exf4 11. Rxf4 Nbd7 12. Nd5 Bxd5 13. exd5 a5 14. c4 Ne5
15. Nd4 Nfd7 16. Rf1 Bf6 17. Nf5 Qc7 18. Rc1 b6 19. Qd2 Rfe8 20. Bg5 Ng6 21.
Bd3 Re5 22. Be3 Ree8 23. Bg5 Bxg5 24. Qxg5 Nde5 25. Bb1 Qd8 26. Qg3 h5 27. Qa3
Qg5 28. Nxd6 Nf4 29. Rc2 Ned3 30. Kh1 Re1 31. Rxe1 Nxe1 32. Rf2 Nexg2 33. Qg3
Qe7 34. Ne4 h4 35. Qf3 f5 36. Nc3 h3 37. Ne2 g5 38. d6 Qa7 39. Bxf5 Rd8 40.
Bxh3 1-0

[Event "8. Open Bali Nuevas Generaciones s16"]
[Site "Benidorm ESP"]
[Date "2009.12.07"]
[Round "6.5"]
[White "Buiza Prieto, Aizbeltz"]
[Black "Ladron De Guevara Pinto, Paolo"]
[Result "1-0"]
[WhiteElo "1788"]
[BlackElo "2078"]
[PlyCount "81"]
[EventDate "2009.12.04"]
[EventType "swiss"]
[EventRounds "7"]
[EventCountry "ESP"]
[Source "lmi"]
[SourceDate "2009.12.04"]

1. e4 e6 2. d4 d5 3. Nc3 Nf6 4. Bg5 dxe4 5. Nxe4 Be7 6. Bxf6 gxf6 7. Nf3 b6 8.
Bd3 Bb7 9. Qe2 c6 10. O-O-O Qc7 11. Kb1 Nd7 12. Rhe1 O-O-O 13. Ba6 Kb8 14. Bxb7
Qxb7 15. Nfd2 f5 16. Ng3 Nf6 17. Nc4 Rhe8 18. Ne5 Bd6 19. Qf3 Bxe5 20. dxe5 Nd7
21. Qc3 Qc7 22. f4 Nc5 23. Qf3 Rxd1+ 24. Rxd1 Rd8 25. Kc1 Rxd1+ 26. Qxd1 Qd7
27. b4 Qxd1+ 28. Kxd1 Nd7 29. Nh5 Kc8 30. Ke2 c5 31. b5 Kd8 32. h3 Ke7 33. g4
fxg4 34. hxg4 h6 35. Ke3 Kf8 36. Nf6 Nxf6 37. exf6 Kg8 38. Ke4 Kh7 39. Ke5 Kg6
40. a3 c4 41. c3 1-0

[Event "8. Open Bali Nuevas Generaciones s16"]
[Site "Benidorm ESP"]
[Date "2009.12.08"]
[Round "7.1"]
[White "Escudero Manzano, Alejandro"]
[Black "Anton Guijarro, David"]
[Result "0-1"]
[WhiteElo "1932"]
[BlackElo "2300"]
[PlyCount "90"]
[EventDate "2009.12.04"]
[EventType "swiss"]
[EventRounds "7"]
[EventCountry "ESP"]
[Source "lmi"]
[SourceDate "2009.12.04"]

1. e4 c5 2. Nf3 Nc6 3. c3 d5 4. exd5 Qxd5 5. d4 Bg4 6. Be2 Nf6 7. O-O e6 8. Be3
cxd4 9. cxd4 Be7 10. Nc3 Qd6 11. Qd2 O-O 12. Rad1 Nd5 13. Ne4 Qb4 14. a3 Qxd2
15. Nexd2 Rac8 16. Rc1 Rfd8 17. Bd3 Bh5 18. h3 Bg6 19. Bxg6 hxg6 20. Nc4 f6 21.
Rfe1 Kf7 22. Rc2 b5 23. Ncd2 Nxe3 24. Rxe3 Nxd4 25. Rxc8 Nxf3+ 26. Nxf3 Rxc8
27. Re2 e5 28. Rd2 Rc7 29. Kf1 Ke6 30. Ne1 a5 31. Ke2 a4 32. Nc2 Rd7 33. Rxd7
Kxd7 34. Kd3 Ke6 35. Kc3 Bc5 36. f3 f5 37. b3 Kd5 38. bxa4 bxa4 39. g4 e4 40.
fxe4+ Kxe4 41. gxf5 gxf5 42. Kd2 f4 43. Ke2 f3+ 44. Kf1 g5 45. Ke1 Kd3 0-1

[Event "8. Open Bali Nuevas Generaciones s16"]
[Site "Benidorm ESP"]
[Date "2009.12.08"]
[Round "7.2"]
[White "Bendayan Claros, Aaron"]
[Black "Buiza Prieto, Aizbeltz"]
[Result "1-0"]
[WhiteElo "2176"]
[BlackElo "1788"]
[PlyCount "55"]
[EventDate "2009.12.04"]
[EventType "swiss"]
[EventRounds "7"]
[EventCountry "ESP"]
[Source "lmi"]
[SourceDate "2009.12.04"]

1. d4 f5 2. Nf3 g6 3. h4 Nf6 4. h5 Nxh5 5. Rxh5 gxh5 6. e4 Bg7 7. Bc4 e6 8. Ng5
O-O 9. Qxh5 h6 10. Nh3 Qe8 11. Qh4 Qg6 12. exf5 Bf6 13. fxg6 Bxh4 14. Bxh6 Rf6
15. Bd3 e5 16. Bc4+ d5 17. Bxd5+ Be6 18. Bxb7 Nc6 19. Bxa8 Nxd4 20. Na3 Rxg6
21. c3 Bxh3 22. cxd4 c6 23. Be3 exd4 24. Bxd4 Bxg2 25. O-O-O Kf7 26. Nc4 Rg8
27. Bb7 Rb8 28. Bxa7 1-0

[Event "8. Open Bali Nuevas Generaciones s16"]
[Site "Benidorm ESP"]
[Date "2009.12.08"]
[Round "7.3"]
[White "Balague Camps, Marc"]
[Black "Baragano Campa, David"]
[Result "1-0"]
[WhiteElo "1874"]
[BlackElo "2158"]
[PlyCount "51"]
[EventDate "2009.12.04"]
[EventType "swiss"]
[EventRounds "7"]
[EventCountry "ESP"]
[Source "lmi"]
[SourceDate "2009.12.04"]

1. c4 c6 2. Nf3 d5 3. e3 Nf6 4. Nc3 g6 5. b3 Bg7 6. Bb2 O-O 7. Be2 Bg4 8. d4 e6
9. Nd2 Bxe2 10. Qxe2 Nbd7 11. O-O a6 12. Rac1 Re8 13. f4 c5 14. Nf3 Rc8 15.
Rfd1 cxd4 16. exd4 dxc4 17. bxc4 Nh5 18. g3 Nb6 19. Ne4 Qc7 20. c5 Na4 21. Nd6
Nxb2 22. Qxb2 Red8 23. Nxc8 Rxc8 24. Qb6 Qe7 25. Rb1 Rb8 26. c6 1-0

[Event "8. Open Bali Nuevas Generaciones s16"]
[Site "Benidorm ESP"]
[Date "2009.12.08"]
[Round "7.4"]
[White "Vazquez Torres, Adrian"]
[Black "Pozanco Romasanta, Marc"]
[Result "0-1"]
[WhiteElo "2144"]
[BlackElo "1783"]
[PlyCount "106"]
[EventDate "2009.12.04"]
[EventType "swiss"]
[EventRounds "7"]
[EventCountry "ESP"]
[Source "lmi"]
[SourceDate "2009.12.04"]

1. e4 a6 2. d4 b5 3. Nf3 Bb7 4. Bd3 e6 5. Qe2 d6 6. O-O Nd7 7. a4 b4 8. c3 c5
9. cxb4 cxb4 10. a5 Ngf6 11. Nbd2 Be7 12. Re1 O-O 13. Nf1 Nb8 14. Bg5 Nc6 15.
Qd2 d5 16. e5 Ne4 17. Bxe4 dxe4 18. Bxe7 Qxe7 19. Rxe4 Nxa5 20. Rg4 Bxf3 21.
gxf3 Nb3 22. Qd1 Nxa1 23. Qxa1 h5 24. Rg2 Qh4 25. Qc1 Kh8 26. f4 Rac8 27. Qe3
Rc2 28. f5 exf5 29. Qd3 Qe4 30. Qg3 g6 31. Qg5 Kh7 32. Qe7 Rcc8 33. Qxb4 Qe2
34. h3 f4 35. f3 Qb5 36. Qe7 Rc1 37. Rf2 Qe8 38. Qb4 Qd8 39. d5 g5 40. Qe4+ Kg7
41. Qf5 f6 42. Rg2 Qb6+ 43. Kh2 Rxf1 44. exf6+ Rxf6 45. Qxg5+ Kf7 46. Qg7+ Ke8
47. Re2+ Kd8 48. Qe7+ Kc8 49. Rc2+ Kb8 50. Qe8+ Ka7 51. Qd7+ Qb7 52. Rc7 Rb6
53. Kg2 Rb1 0-1

[Event "8. Open Bali Nuevas Generaciones s16"]
[Site "Benidorm ESP"]
[Date "2009.12.08"]
[Round "7.5"]
[White "Rubio Tent, Francisco"]
[Black "Gil Quilez, David"]
[Result "0-1"]
[WhiteElo "1870"]
[BlackElo "2097"]
[PlyCount "132"]
[EventDate "2009.12.04"]
[EventType "swiss"]
[EventRounds "7"]
[EventCountry "ESP"]
[Source "lmi"]
[SourceDate "2009.12.04"]

1. e4 e5 2. Nf3 Nc6 3. Bb5 a6 4. Ba4 Nf6 5. d4 exd4 6. O-O Be7 7. Re1 O-O 8. e5
Nd5 9. Nxd4 Nxd4 10. Qxd4 Nb6 11. Bb3 d5 12. c3 c5 13. Qf4 f6 14. Bc2 f5 15.
Qg3 Be6 16. Rf1 Qc7 17. f4 Rfd8 18. Qh3 g6 19. Bb3 Nd7 20. Be3 Qc6 21. Nd2 Nxe5
22. fxe5 f4 23. Qh6 fxe3 24. Bc2 Bf8 25. Rxf8+ Rxf8 26. Bxg6 Qd7 27. Bxh7+ Qxh7
28. Qxe6+ Kh8 29. Nf3 d4 30. cxd4 cxd4 31. Nxd4 Rae8 32. Qd6 Rd8 33. Qb6 Qh5
34. Nf3 e2 35. Re1 Rd1 36. Qf2 Qg4 37. h3 Qe4 38. Kh2 Qxe5+ 39. Kh1 Qe4 40. Kh2
Qf4+ 41. Kg1 Re8 42. b3 b5 43. Kh1 a5 44. Kg1 a4 45. bxa4 bxa4 46. Kh1 a3 47.
Kg1 Re7 48. Kh1 Kg7 49. Kg1 Kf8 50. Kh1 Rc7 51. Qxe2 Rxe1+ 52. Nxe1 Re7 53. Qd1
Qf1+ 54. Kh2 Qxe1 55. Qd8+ Kf7 56. Qd5+ Kf6 57. Qd6+ Qe6 58. Qf4+ Qf5 59. Qh4+
Qg5 60. Qh8+ Kf5 61. g4+ Ke4 62. Qa8+ Qd5 63. Qa4+ Kf3 64. Qxa3+ Re3 65. Qf8+
Ke2 66. Qf4 Rf3 0-1